01195 a2200181 45000010006000000050017000060080041000230030015000640400040000790800118001192450029002370200022002662640044002883000023003325050616003550410008009711000034009796106420260407155901.0260407a1985 arg spa dAR-UNSa-BCEJYS aAR-UNSa-BCEJYSbspacAR-UNSa-BCEJYS a343.359xDelitos contra el fisco y otras autoridades administrativas (Derecho Penal Tributario, Delitos fiscales)10aDerecho tributario penal a978-950-14-0270-4 1aBuenos Aires :bEdiciones Depalmac1985 axx, 411 p.c23 cm. a1. Introducción - 2. Naturaleza del ilícito tributario y de sus sanciones - 3. Delitos y contravenciones - 4. Potestad tributaria penal de las provincias - 5. Aplicación temporal de la ley tributaria penal - 6. Imputabilidad - 7. Culpabilidad - 8. El error excusable - 9. La acción antijurídica - 10. Tentativa - 11. Responsabilidad penal tributaria por el acto de terceros - 12. Participación criminal - 13. Concurso de infracciones - 14. Reincidencia - 15. Convertibilidad de sanciones - 16. Condena condicional. Libertad condicional. Excarcelación - 17. Extinción de acciones y de sanciones.  aspa1 aGarcía Belsunce, Horacio A.